000 00725cas a22002535a 4500
001 ##L99329
008 070703c1962 at qr p 0 a0eng
022 0 _a0007-3431
035 _a(Sirsi) u99329
041 0 _aeng
110 2 _aAustralian Institute of Quantity Surveyors
_92261
240 1 0 _aBuilding Economist
245 0 0 _aBuilding Economist
260 3 _aDeakin
_bAustralian Institute of Quantity Surveyors
_c1962-
362 _a1(1) March 1962-
500 _aSubscription ceased
500 _aMost recent issue September 2019
510 2 _aKnowledge Alert
_c2006-
651 4 _aAustralia
690 _aQuantity surveying
_96263
780 0 0 _tQuantity Surveyor
942 _n0
_2ddc
948 _c02/04/1998
999 _c118691
_d118691